000 00301nam a2200109Ia 4500
008 220204s9999 xx 000 0 und d
082 _aNR:63(036)
_bNAI.3
100 _aNair, M G S
245 0 _aRubber krishi paadamaala.3.Tappingum samskaranavum
260 _aKottayam
_bRubber Board
_c2010
942 _cBK
999 _c44414
_d44414